000 00724nam a2200253 a 4500
001 65396
003 BD-RjUL
005 20211209081424.0
008 170305r1936uuuuenk 001 0 eng
035 _a(BD-RjUL)65526
040 _aDLC
_cABAU
_dOCoLC
_dBD-RjUL
_beng
041 _aeng
082 _a956.94
_223
_bFAP 1956
100 1 _aFarago, Ladislas.
_9193522
245 1 0 _aPalestine on the eve /
_cby Ladislas Farago.
260 _aLondon :
_bPutnam,
_c1936
300 _ax, 286 p. :
_bill.
_c22 cm.
500 _aInclude index
650 0 _aZionism.
_9191744
650 0 _aJews
_zPalestine.
_9191743
650 0 _aPalestinian Arabs.
_9191745
651 0 _aPalestine
_xDescription and travel.
_9193523
942 _2ddc
_cBK
999 _c65396
_d65396